000 00301nam a2200109Ia 4500
008 171211s9999 xx 000 0 und d
245 _aBetty Crocker The Big Book of Cookies
245 _cBetty Crocker
260 _c2012
650 _xCOOKBOOKS
856 _uhttp://down.ebook777.com/063/1118177428.pdf
999 _c348139
_d348139